000 00278nam a22001337a 4500
082 _a894.812
_bBHA/S
100 _aBHASAN
245 _aSWAPNA VASAVADATHAM
260 _aKOZHIKODE
_bCALICUT UNIVERSITY
_c1996
300 _a118
520 _aNOVEL
650 _aNOVEL
942 _cBK
999 _c5495
_d5495